000 00822nam a2200241 a 4500
001 55541
003 BD-RjUL
005 20211209080259.0
008 161119r19511940enk b 001 0 eng u
035 _a(BD-RjUL)55664
040 _cMeB
_dBD-RjUL
_aBD-RjUL
_beng
041 _aeng
082 _223
_a342.0290941
_bTAT 1951
100 1 _aTanner, J. R.
_q(Joseph Robson),
_d1860-1931.
_9165429
245 1 0 _aTudor constitutional documents, A. D. 1485-1603 :
_bwith an historical commentary /
_cJ. R. Tanner
250 _a2d ed.
260 _aCambridge :
_bThe University Press,
_c1930 [ Reprint 1951]
300 _axxiv, 636 p. ;
_c24 cm.
500 _aIncludes index.
650 0 _aConstitutional history
_zGreat Britain.
_9139775
651 0 _aGreat Britain
_xHistory
_yTudors, 1485-1603
_vSources.
_9165430
942 _2ddc
_cBK
999 _c55541
_d55541